Численные методы исследования течений вязкой жидкости: пер. с англ.

Bibliographische Detailangaben
Weitere Verfasser: Госмен А. Д. (редактор), Пан В. М., Ранчел А. К., Сполдинг Д. Б., Вольфштейн М., Тирский Г. А.
Zusammenfassung:Доп. тит. лист
Sprache:Russisch
Veröffentlicht: Москва, Мир, 1972
Schlagworte:
Format: Buch
KOHA link:https://koha.lib.tpu.ru/cgi-bin/koha/opac-detail.pl?biblionumber=57117

MARC

LEADER 00000nam0a2200000 4500
001 57117
005 20231031054056.0
035 |a (RuTPU)RU\TPU\book\60234 
090 |a 57117 
100 |a 20031022d1972 km y0rusy50 ca 
101 1 |a rus  |c eng 
102 |a RU 
105 |a a z 001zy 
200 1 |a Численные методы исследования течений вязкой жидкости  |e пер. с англ.  |f А. Д. Госмен [и др.]  |g под ред. Г. А. Тирского 
210 |a Москва  |c Мир  |d 1972 
215 |a 324 с.  |c ил. 
300 |a Доп. тит. лист 
320 |a Библиогр.: с. 311-320. 
610 1 |a численные методы 
610 1 |a течение 
610 1 |a вязкие жидкости 
610 1 |a турбулентность 
610 1 |a прикладная механика 
610 1 |a жидкости 
610 1 |a газы 
610 1 |a газодинамика 
610 1 |a математика 
675 |a 532.5  |v 3 
675 |a 518  |v 3 
701 1 |a Госмен  |b А. Д. 
701 1 |a Пан  |b В. М. 
701 1 |a Ранчел  |b А. К. 
701 1 |a Сполдинг  |b Д. Б. 
701 1 |a Вольфштейн  |b М. 
702 1 |a Тирский  |b Г. А.  |4 340 
801 1 |a RU  |b 63413507  |c 20031022  |g PSBO 
801 2 |a RU  |b 63413507  |c 20121119  |g PSBO 
942 |c BK